| 000 | 00638nam a22001577a 4500 | ||
|---|---|---|---|
| 003 | OSt | ||
| 005 | 20150916153434.0 | ||
| 008 | 150916b xxu||||| |||| 00| 0 eng d | ||
| 040 | _cRUA | ||
| 082 | _aAGR SAM 1999 BOO25 Or.1 | ||
| 100 |
_9608 _aSAMRETH SOPHEA |
||
| 245 | _aDverlopmment plan of rubber planttion in chup rubber company (from year), ទិសដៅអភិវឌ្ឍន៍ការដាំដំណាំកៅស៊ូនៅក្រុមហ៊ុនចំការកៅស៊ូជុបឆ្នាំ២០០០-២០១០). | ||
| 260 |
_apnjmo phen _bRUA _c1999 |
||
| 300 |
_a111P. _bILL. _c29CM. |
||
| 942 |
_2ddc _cAGR |
||
| 999 |
_c583 _d583 |
||